Banking and monetary statistics of India. (Record no. 70484)

MARC details
000 -LEADER
fixed length control field 00619cam a22002291 4500
001 - CONTROL NUMBER
control field sa 66006358
003 - CONTROL NUMBER IDENTIFIER
control field DLC
005 - DATE AND TIME OF LATEST TRANSACTION
control field 20260227112256.0
008 - FIXED-LENGTH DATA ELEMENTS--GENERAL INFORMATION
fixed length control field 790828s1954 ii f000 0 engd
010 ## - LIBRARY OF CONGRESS CONTROL NUMBER
LC control number sa 66006358
025 ## - OVERSEAS ACQUISITION NUMBER
Overseas acquisition number PL480:I-D-E-294
035 ## - SYSTEM CONTROL NUMBER
System control number (OCoLC)5318879
040 ## - CATALOGING SOURCE
Original cataloging agency DLC
Transcribing agency NbU
Modifying agency DLC
042 ## - AUTHENTICATION CODE
Authentication code premarc
050 00 - LIBRARY OF CONGRESS CALL NUMBER
Classification number HG3284
Item number .R44 1954
110 2# - MAIN ENTRY--CORPORATE NAME
Corporate name or jurisdiction name as entry element Reserve Bank of India.
245 10 - TITLE STATEMENT
Title Banking and monetary statistics of India.
260 ## - PUBLICATION, DISTRIBUTION, ETC.
Place of publication, distribution, etc. Bombay
Date of publication, distribution, etc. [1954]
300 ## - PHYSICAL DESCRIPTION
Extent xiv, 1005 p.
Dimensions 29 cm.
650 #0 - SUBJECT ADDED ENTRY--TOPICAL TERM
Topical term or geographic name entry element Banks and banking
Geographic subdivision India
Form subdivision Statistics.
650 #0 - SUBJECT ADDED ENTRY--TOPICAL TERM
Topical term or geographic name entry element Money
Geographic subdivision India
Form subdivision Statistics.

No items available.

Powered by Koha